2021 ATP Tour: All tournament winners - Statistics

General Stats
  • This quiz has been taken 100 times
    80 since last reset
  • The average score is 55 of 62
Answer Stats
Tournament Winner Country ATP title # % Correct
Australian Open Novak Djokovic Serbia 82
100%
Belgrade Open Novak Djokovic Serbia 83
100%
French Open Novak Djokovic Serbia 84
100%
The Championships, Wimbledon Novak Djokovic Serbia 85
100%
Paris Masters Novak Djokovic Serbia 86
100%
Barcelona Open Rafael Nadal Spain 87
98%
Italian Open Rafael Nadal Spain 88
98%
Mexican Open Alexander Zverev Germany 14
97%
Madrid Open Alexander Zverev Germany 15
97%
Summer Olympics Alexander Zverev Germany 16
97%
Cincinnati Masters Alexander Zverev Germany 17
97%
Vienna Open Alexander Zverev Germany 18
97%
Croatia Open Carlos Alcaraz Spain 1
97%
Next Gen ATP Finals Carlos Alcaraz Spain 1
97%
Open 13 Daniil Medvedev Russia 10
97%
Mallorca Championships Daniil Medvedev Russia 11
97%
Canadian Open Daniil Medvedev Russia 12
97%
US Open Daniil Medvedev Russia 13
97%
Delray Beach Open Hubert Hurkacz Poland 2
97%
Miami Open Hubert Hurkacz Poland 3
97%
Moselle Open Hubert Hurkacz Poland 4
97%
Geneva Open Casper Ruud Norway 2
95%
Swedish Open Casper Ruud Norway 3
95%
Swiss Open Casper Ruud Norway 4
95%
Austrian Open Kitzbühel Casper Ruud Norway 5
95%
San Diego Open Casper Ruud Norway 6
95%
Monte-Carlo Masters Stefanos Tsitsipas Greece 6
95%
Lyon Open Stefanos Tsitsipas Greece 7
95%
Los Cabos Open Cameron Norrie United Kingdom 1
93%
Indian Wells Masters Cameron Norrie United Kingdom 2
93%
Great Ocean Road Open Jannik Sinner Italy 2
93%
Washington Open Jannik Sinner Italy 3
93%
Sofia Open Jannik Sinner Italy 4
93%
European Open Jannik Sinner Italy 5
93%
Serbia Open Matteo Berrettini Italy 4
93%
Queen's Club Championships Matteo Berrettini Italy 5
93%
Antalya Open Alex de Minaur Australia 4
92%
Eastbourne International Alex de Minaur Australia 5
92%
Rotterdam Open Andrey Rublev Russia 8
92%
Stuttgart Open Marin Čilić Croatia 19
92%
St. Petersburg Open Marin Čilić Croatia 20
92%
Atlanta Open John Isner United States 16
90%
Open Sud de France David Goffin Belgium 5
88%
Murray River Open Dan Evans United Kingdom 1
87%
Qatar Open Nikoloz Basilashvili Georgia 4
87%
Bavarian International Tennis Championships Nikoloz Basilashvili Georgia 5
87%
Andalucía Open Pablo Carreño Busta Spain 5
87%
Hamburg European Open Pablo Carreño Busta Spain 6
87%
Dubai Tennis Championships Aslan Karatsev Russia 1
82%
Kremlin Cup Aslan Karatsev Russia 2
82%
Chile Open Cristian Garín Chile 5
82%
Argentina Open Diego Schwartzman Argentina 4
82%
Hall of Fame Open Kevin Anderson South Africa 7
82%
Stockholm Open Tommy Paul United States 1
78%
Winston-Salem Open Ilya Ivashka Belarus 1
75%
Halle Open Ugo Humbert France 3
73%
Córdoba Open Juan Manuel Cerúndolo Argentina 1
70%
Sardegna Open Lorenzo Sonego Italy 2
68%
Singapore Open Alexei Popyrin Australia 1
60%
Emilia-Romagna Open Sebastian Korda United States 1
58%
Estoril Open Albert Ramos Viñolas Spain 3
52%
Astana Open Kwon Soon-woo South Korea 1
40%
No matching quizzes found
Score Distribution
Percent of People with Each Score
Percentile by Number Answered
Your Score History
You have not taken this quiz since the last reset